| 000 | 00679nam a2200205 i 4500 | ||
|---|---|---|---|
| 001 | 86119 | ||
| 003 | ES-MaACL | ||
| 007 | t| | ||
| 008 | 041207s1983 sp ||||1| spa d | ||
| 100 | 1 |
_aKaplan, Reinhard W. _967523 |
|
| 245 | 1 | 3 |
_aEl origen de la vida _b: la biogenética, un campo de investigación de la ciencia actual / _cR.W. Kaplan ; versión de F.J. Nieto Rodríguez-Brochero. |
| 250 | _a[1ª ed., reimp.]. | ||
| 260 |
_a[Madrid] : _bAlhambra, _c[1983] |
||
| 300 |
_aXI, 414 p. ; _c20 cm. |
||
| 490 | 1 | _aExedra | |
| 700 | 1 |
_aNieto Rodríguez-Brochero, F. J. _985710 |
|
| 830 | 0 |
_aExedra _9177436 |
|
| 852 |
_aES-MaACL _jL-8044 _bR.108350 |
||
| 999 |
_c86119 _d86119 |
||